000 00786nam a2200229Ii 4500
003 JO-AjNU
008 230605s9999||||xx |||||||||||||| ||und||
017 _a2013/6/2213
020 _a978-9957-16-839-1
040 _aJO-AjNU
_bara
_erda
_cJO-AjNU
041 _aara
050 1 4 _aK2247.2014
100 3 _a سديرة، نجوى يونس ,
_eauthor
_950785
245 0 0 _aضمانات المتهم أمام المحكمة الجنائية الدولية
250 _aط1
264 3 1 _aعمان : دار الثقافة ، 2014
300 _a360ص
336 _atext
_btxt
_2rdacontent
337 _aunmediated
_bn
_2rdamedia
338 _avolume
_bnc
_2rdacarrier
650 4 _aالأشخاص ( القانون الدولي ) -- القانون الجنائي الدولي
_950786
999 _aA22392
_c25960
_d25960